000 01313nam a22003617a 4500
003 CHAP
005 20220329140114.0
008 971013s1987 r 00010 d
010 _a47034
011 _a48006
035 _a52150
040 _cCHAP
090 _aTesis
100 0 0 _aValdivia Alcalá, Ramón.
_9117308
245 1 _aImpacto de cambios en el precio del fertilizantes sobre la producción de algunos cultivos en 1987
260 _aChapingo, Méx. :
_bEl autor,
_c1987
300 _a63 h.
502 _aTesis (M.C. Esp. en Economía Agrícola) -- CP. Centro de Economía Agrícola
590 _aALEPH
_b10
_c20130110
_lUCH01
_h1316
590 _aBATCH-UPD
_b10
_c20130110
_lUCH01
_h1650
590 _aBATCH-UPD
_b10
_c20130410
_lUCH01
_h1039
590 _aBATCH-UPD
_b10
_c20130914
_lUCH01
_h1427
590 _aCONVERSION
_b10
_c20130109
_lUCH01
_h1326
650 1 4 _aFertilizantes
_xAspectos económicos.
_940451
650 1 4 _aFrijol
_xAspectos económicos.
_943328
650 1 4 _aMaíz
_xAspectos económicos.
_970865
650 1 4 _aSorgo
_xAspectos económicos.
_9108629
650 1 4 _aTrigo
_xAspectos económicos.
_9114967
901 _aBK
942 _cFOLL
949 _aTesis
_bBC
_cTES
_d33724002087272
_eTS1
_h20295
_i52150
_si
949 _aTesis
_bBC
_cTES
_d33724002087314
_eTS2
_fc.2.2
_h20296
_i52150
_si
999 _c47034
_d47034